02119nam a2200505 a 450000500170000000800410001702000180005804100080007624500590008425001160014326000310025930000170029050000970030765300620040465300380046665300160050465300300052065300580055065300240060865300390063265300450067165300250071665300300074165301150077165300680088665300370095465300590099165300410105065300180109165300180110965300140112765300640114165300130120565300730121865300480129165300740133965300480141365300350146170000190149670000230151570000190153870000180155770000200157570000180159520231212100551.0100504s2010||||sp a f |||| 001 0 spa d a9788428215077 aspa aBiología molecular de la célula / cBruce Alberts a5a ed. en español de la obra original en inglesbTraducción Mercé Durfort i Coll ; Miquel Llobera i Sande aBarcelona: bOmega;c2010. a1602 p.bil. aAlberts, B. et al. (2010). Biología molecular de la célula. (5a ed.). Barcelona : Omega. aCaracteristicas universales de las células en la tierra aQuímica celular y biosíntesis aProteínas aDNA, cromosomas y genomas aReplicación, reparación y recombinación del DNA aDNA a la proteína aControl de la expresión génica aManipulación de proteínas, DNA y RNA aObservar las celulas aEstructura de la membrana aTransporte de moléculas pequeñas a través de la membrana y las propiedades eléctricas de las membranas aCompartimientos intracelulares y clasificación de proteínas aTráfico vesicular intracelular aConversión energética: mitocondrias y cloroplastos aMecanismos de comunicación celular aCitoesqueleto aCiclo celular aApoptosis aUniones celulares, adhesión celular y matrix extracelular aCáncer aReproducción sexual: meiosis, células germinales y fecundación aDesarrollo de los organismos pluricelulares aTejidos especializados, las células madre y la renovación tisular aPatógenos, infección e inmunidad innata aSistema de inmunidad adquirida1 aAlberts, Bruce1 aJohnson, Alexander1 aLewis, Julian.1 aRaff, Martin.1 aRoberts, Keith.1 aWalter, Peter